|
|
|
|
| LEADER |
00000ny a22000003n 4500 |
| 003 |
EbpS |
| 005 |
2011051208418.0 |
| 006 |
m d |||||| |
| 007 |
cr anunnnuuuaa |
| 008 |
751101c19229999txub p 0 eng |
| 022 |
0 |
|
|a 0040-4411
|
| 035 |
|
|
|a 4054
|
| 040 |
|
|
|d vLex
|
| 050 |
0 |
0 |
|a K24
|b .E93
|
| 050 |
0 |
0 |
|a K24
|b .E93
|
| 090 |
|
|
|c 1808
|d 1808
|
| 245 |
0 |
0 |
|a Texas law review
|h [Recurso electrn̤ico]
|
| 256 |
|
|
|a Servicio en ln̕ea
|
| 260 |
|
|
|a [Austin :
|b Texas Law Review Association,
|
| 310 |
|
|
|a 7 no. a year,
|b June 1990-
|
| 500 |
|
|
|a Vols. 14-17 issued as University of Texas bulletin, School of Law; v. 18- issued as University of Texas publication, School of Law
|
| 506 |
1 |
|
|a Contenido solo disponible en los productos indicados
|d vLex Global
|d vLex Global (Academic Edition, excluding Law Schools)
|d vLex Global (U.S. Academic Edition, excluding Law Schools)
|
| 520 |
|
|
|a A "Bar Association number" issued annually in Oct.; in v. 1-18, this no. contains Proceedings of the 42nd-59th annual meetings, 1923-40 of the Texas Bar Association; in v. 18-26 contains Proceedings of the 1st-9th annual meetings, 1940-48 of the State Bar of Texas
|
| 550 |
|
|
|a Vols. for Dec. 1935-Oct. 1953 issued by University of Texas School of Law
|
| 555 |
|
|
|a Cumulated index and table of cases: Vols. 1-5, Dec. 1922-Oct. 1927. 1 v.; Vols. 1-11, Dec. 1922-Oct. 1933. 1 v.; Vols. 1-15, Dec. 1922-Oct. 1937. 1 v.; Vols. 1-25, Dec. 1922-Oct. 1947. 1 v.; General index, v. 1-46; 1922-68. 1 v.; Vols. 47-51, 1968-73. 1 v
|
| 650 |
0 |
4 |
|a Derecho
|z Estados Unidos
|x Publicaciones perid̤icas
|
| 710 |
2 |
|
|a State Bar of Texas
|
| 710 |
2 |
|
|a Texas Bar Association
|
| 710 |
2 |
|
|a Texas Law Review Association
|
| 710 |
2 |
|
|a University of Texas.
|b School of Law
|
| 740 |
|
|
|a vLex Revista (Servicios en ln̕ea)
|
| 843 |
|
|
|a Electrn̤ica. Abierta
|
| 853 |
|
|
|8 1
|i (year)
|j (month)
|k (day)
|
| 856 |
4 |
0 |
|u http://vlex.com/source/4054
|z Acceso restringido
|
| 942 |
|
|
|c REV
|
| 999 |
|
0 |
|a Law reviews
|z Texas
|